[Event "Olympiad-44"]
[Site "Chennai"]
[Date "2022.08.09"]
[Round "11.1"]
[White "Hlophe, Smilo"]
[Black "Chinasamy, Devarajen"]
[Result "0-1"]
[WhiteElo "1731"]
[BlackElo "1970"]
[PlyCount "102"]
[EventDate "2022.07.29"]
[EventType "team-swiss"]
[EventRounds "11"]
[EventCountry "IND"]
[SourceTitle "CBM 210"]
[Source "ChessBase"]
[SourceDate "2022.10.31"]
[SourceVersion "1"]
[SourceVersionDate "2022.10.31"]
[SourceQuality "1"]
[WhiteTeam "Eswatini"]
[BlackTeam "Mauritius"]
[WhiteTeamCountry "SWA"]
[BlackTeamCountry "MRI"]

1. d4 d5 2. Nf3 Nf6 3. g3 c6 4. Bg2 Bf5 5. c4 a6 6. Nc3 e6 7. Qb3 Ra7 8. 0-0 Nbd7 9. Bf4 Be7 10. h3 0-0 11. Nd2 Bg6 12. e4 dxe4 13. Ndxe4 Nxe4 14. Nxe4 Bxe4 15. Bxe4 Bg5 16. Bxg5 Qxg5 17. Qe3 Qxe3 18. fxe3 Raa8 19. b4 Rab8 20. a4 f5 21. Bd3 g6 22. b5 c5 23. d5 exd5 24. cxd5 Ne5 25. Be2 a5 26. b6 Rbd8 27. Rfd1 Rd6 28. Rab1 Nd7 29. Rb5 Ra8 30. Rc1 Kg7 31. Rcxc5 Nxc5 32. Rxc5 Rxb6 33. Rc7+ Kh8 34. g4 Rd8 35. Rc5 Rbd6 36. Bf3 b6 37. Rc7 R8d7 38. Rc8+ Kg7 39. Kg2 Re7 40. gxf5 gxf5 41. Kf2 Kf6 42. Ke2 Ke5 43. Kd3 Rh6 44. Bg2 Rg6 45. Rc2 Reg7 46. Bf3 Rg3 47. Ke2 Rxh3 48. Rc6 Rg6 49. Rc8 Rgg3 50. d6 Kxd6 51. Rc6+ Ke5 0-1

[Event "Olympiad-44"]
[Site "Chennai"]
[Date "2022.08.01"]
[Round "4.1"]
[White "Koumba Mounguengui, Jose Evrard"]
[Black "Chinasamy, Devarajen"]
[Result "1-0"]
[WhiteElo "1942"]
[BlackElo "1970"]
[PlyCount "63"]
[EventDate "2022.07.29"]
[EventType "team-swiss"]
[EventRounds "11"]
[EventCountry "IND"]
[SourceTitle "CBM 210"]
[Source "ChessBase"]
[SourceDate "2022.10.31"]
[SourceVersion "1"]
[SourceVersionDate "2022.10.31"]
[SourceQuality "1"]
[WhiteTeam "Gabun"]
[BlackTeam "Mauritius"]
[WhiteTeamCountry "GAB"]
[BlackTeamCountry "MRI"]

1. e4 c6 2. d4 d5 3. e5 c5 4. Nf3 Nc6 5. Bb5 Qb6 6. Nc3 e6 7. Be3 a6 8. Bxc6+ Qxc6 9. 0-0 Ne7 10. dxc5 Nf5 11. Nd4 Nxe3 12. fxe3 Qxc5 13. Qf3 Qc7 14. Rf2 Bc5 15. Raf1 0-0 16. Qh5 g6 17. Qg5 Be7 18. Qf4 b5 19. Rf3 Ra7 20. Rh3 f6 21. Qh4 Bd8 22. exf6 b4 23. Ncb5 axb5 24. Nxb5 Qf7 25. Nxa7 Ba6 26. Rf2 e5 27. Nc6 Bc7 28. Ne7+ Kh8 29. Qxh7+ Qxh7 30. Nxg6+ Kg8 31. Rxh7 Rc8 32. Rg7# 1-0

[Event "Olympiad-44"]
[Site "Chennai"]
[Date "2022.07.31"]
[Round "3.1"]
[White "Chinasamy, Devarajen"]
[Black "Nevska, Gerda"]
[Result "1-0"]
[WhiteElo "1970"]
[BlackElo "1840"]
[PlyCount "61"]
[EventDate "2022.07.29"]
[EventType "team-swiss"]
[EventRounds "11"]
[EventCountry "IND"]
[SourceTitle "CBM 210"]
[Source "ChessBase"]
[SourceDate "2022.10.31"]
[SourceVersion "1"]
[SourceVersionDate "2022.10.31"]
[SourceQuality "1"]
[WhiteTeam "Mauritius"]
[BlackTeam "Guernsey"]
[WhiteTeamCountry "MRI"]
[BlackTeamCountry "GCI"]

1. d4 g6 2. Nc3 Bg7 3. e4 c6 4. Be3 d5 5. f3 Nd7 6. exd5 Nb6 7. dxc6 bxc6 8. Nge2 Ba6 9. b3 Nf6 10. Qd2 h5 11. Ne4 Nbd5 12. Nxf6+ Bxf6 13. Bf2 Bg7 14. c4 Bh6 15. f4 Nf6 16. Qc2 Bc8 17. Be3 Bf5 18. Qb2 h4 19. Ng1 Qc7 20. Qc1 Rd8 21. Nf3 Bg7 22. Be2 Ne4 23. 0-0 h3 24. g3 Bg4 25. Qc2 f5 26. Rad1 Bf6 27. Rd3 g5 28. Rfd1 Rg8 29. Ne5 Bxe2 30. Qxe2 c5 31. Qh5+ 1-0

[Event "Olympiad-44"]
[Site "Chennai"]
[Date "2022.07.29"]
[Round "1.1"]
[White "Chinasamy, Devarajen"]
[Black "Avila Pavas, Santiago"]
[Result "0-1"]
[WhiteElo "1970"]
[BlackElo "2453"]
[PlyCount "88"]
[EventDate "2022.07.29"]
[EventType "team-swiss"]
[EventRounds "11"]
[EventCountry "IND"]
[SourceTitle "CBM 210"]
[Source "ChessBase"]
[SourceDate "2022.10.31"]
[SourceVersion "1"]
[SourceVersionDate "2022.10.31"]
[SourceQuality "1"]
[WhiteTeam "Mauritius"]
[BlackTeam "Colombia"]
[WhiteTeamCountry "MRI"]
[BlackTeamCountry "COL"]

1. d4 Nf6 2. Nc3 d5 3. Bf4 a6 4. e3 e6 5. Nf3 b5 6. a3 c5 7. dxc5 Bxc5 8. Bd3 Bb7 9. Ne5 Bd6 10. Bg3 Qc7 11. f4 Ne4 12. 0-0 Nxg3 13. hxg3 Bxe5 14. fxe5 Qxe5 15. Qf3 0-0 16. Qf4 Nd7 17. Rae1 Rac8 18. e4 Qxf4 19. gxf4 dxe4 20. Bxe4 Bxe4 21. Rxe4 Nb6 22. Re2 Nc4 23. Nd1 Rfd8 24. c3 Rd3 25. Nf2 Rd5 26. Rd1 Rcd8 27. Rxd5 Rxd5 28. Ne4 Rd1+ 29. Kf2 Rb1 30. Nc5 Rxb2 31. Nxa6 Rb3 32. Nc7 h6 33. Re4 Nxa3 34. Rb4 Rxc3 35. Nxb5 Nxb5 36. Rxb5 g6 37. Ra5 Kg7 38. g3 Kf6 39. Rb5 g5 40. fxg5+ hxg5 41. Ra5 Kg6 42. Rb5 f5 43. Rb6 Kf6 44. Ra6 f4 0-1

[Event "Francophonie-chT Rapid"]
[Site "Tornelo INT"]
[Date "2022.06.04"]
[Round "3.4"]
[White "Thompson, Edward Nii Lamptey"]
[Black "Chinasamy, Devarajen"]
[Result "1-0"]
[WhiteElo "1686"]
[BlackElo "1970"]
[PlyCount "77"]
[EventDate "2022.06.04"]
[EventType "team-swiss (rapid)"]
[EventRounds "11"]
[EventCountry "FRA"]
[SourceTitle "CBM 208 Extra"]
[Source "ChessBase"]
[SourceDate "2022.07.31"]
[SourceVersion "1"]
[SourceVersionDate "2022.07.31"]
[SourceQuality "1"]
[WhiteTeam "Ghana II"]
[BlackTeam "Mauritius"]
[WhiteTeamCountry "GHA"]
[BlackTeamCountry "MRI"]

1. d4 d5 2. c4 c6 3. Nc3 Nf6 4. Bf4 a6 5. c5 Bf5 6. e3 e6 7. h3 Nbd7 8. Bd3 Be7 9. Bxf5 exf5 10. Nf3 0-0 11. 0-0 Ne4 12. Na4 Re8 13. Rc1 Bf8 14. b4 g6 15. Qb3 g5 16. Bh2 g4 17. hxg4 fxg4 18. Ne5 Nxe5 19. Bxe5 Nd2 20. Qb2 Nxf1 21. Kxf1 Bg7 22. Bg3 Qg5 23. Nb6 Ra7 24. a4 h5 25. Bf4 Qf5 26. g3 Bf6 27. b5 axb5 28. axb5 Qd3+ 29. Kg1 Qa3 30. Qc2 Kg7 31. Rb1 Re4 32. bxc6 bxc6 33. Nc8 Ra8 34. Nd6 Re6 35. Qf5 Qa2 36. Rb7 Rxd6 37. cxd6 Qa6 38. Rd7 Qc8 39. Be5 1-0

[Event "Olympiad-43"]
[Site "Batumi"]
[Date "2018.09.28"]
[Round "5.79"]
[White "Chinasamy, Devarajen"]
[Black "Fancy, Stuart"]
[Result "1/2-1/2"]
[WhiteElo "1993"]
[BlackElo "1950"]
[PlyCount "124"]
[EventDate "2018.09.24"]
[EventType "team-swiss"]
[EventRounds "11"]
[EventCountry "GEO"]
[SourceTitle "CBM 187"]
[Source "ChessBase"]
[SourceDate "2018.12.11"]
[SourceVersion "1"]
[SourceVersionDate "2018.12.11"]
[SourceQuality "1"]
[WhiteTeam "Mauritius"]
[BlackTeam "Papua New Guinea"]
[WhiteTeamCountry "MRI"]
[BlackTeamCountry "PNG"]

1. d4 g6 2. e4 Bg7 3. Nc3 d6 4. Be3 a6 5. Qd2 b5 6. Bd3 Bb7 7. f3 Nc6 8. Nce2 e5 9. c3 Nf6 10. Bh6 Bxh6 11. Qxh6 exd4 12. cxd4 Qe7 13. Qd2 0-0 14. Nh3 d5 15. e5 Nd7 16. 0-0 Nb4 17. Bb1 c5 18. f4 Rac8 19. a3 Nc6 20. Ba2 Nb6 21. f5 cxd4 22. Nxd4 Qxe5 23. Nxc6 Rxc6 24. Rae1 Qf6 25. fxg6 Qxg6 26. Bb1 Qh6 27. Rf4 Bc8 28. Qf2 f5 29. Rh4 Qg7 30. Nf4 Rh6 31. Rxh6 Qxh6 32. Re7 Qf6 33. Ra7 Qg5 34. g3 Qf6 35. Nh5 Qe6 36. Qd2 Bd7 37. Rxa6 Re8 38. Kf2 Kf7 39. Nf4 Qh6 40. Kg2 Qc6 41. Qd4 Rb8 42. Nd3 Qf6 43. Qf4 Re8 44. Qf2 d4 45. Ba2+ Kf8 46. Nf4 Bc6+ 47. Kg1 Nc4 48. a4 Ne5 49. axb5 Ng4 50. Qd2 d3 51. Qb4+ Qe7 52. Qxe7+ Rxe7 53. Nxd3 Bxb5 54. Ra8+ Kg7 55. h3 Bxd3 56. hxg4 Re1+ 57. Kf2 Re2+ 58. Kf3 fxg4+ 59. Kxg4 Rxb2 60. Ra7+ Kf6 61. Kf4 Rb4+ 62. Ke3 Bg6 1/2-1/2

[Event "Mauritius Masters"]
[Site "Mauritius"]
[Date "2017.03.26"]
[Round "5"]
[White "Chinasamy, Devarajen"]
[Black "Vencatasawmy, Nadarajen"]
[Result "1-0"]
[WhiteElo "1996"]
[BlackElo "1835"]
[PlyCount "53"]
[EventDate "2017.03.18"]
[EventType "tourn"]
[EventRounds "9"]
[EventCountry "MRI"]
[SourceTitle "CBM 177 Extra"]
[Source "ChessBase"]
[SourceDate "2017.04.27"]
[SourceVersion "1"]
[SourceVersionDate "2017.04.27"]
[SourceQuality "1"]

1. d4 Nf6 2. Bf4 d5 3. e3 e6 4. c3 Bd6 5. Bg3 0-0 6. Nd2 b6 7. Bd3 Bb7 8. Ngf3 Nbd7 9. Ne5 Bxe5 10. dxe5 Ne4 11. f3 Nxg3 12. hxg3 h6 13. f4 Nc5 14. Bc2 Ne4 15. Qg4 Kh8 16. Nf3 f5 17. exf6 Rxf6 18. Ne5 Qe8 19. Bxe4 dxe4 20. 0-0-0 Rd8 21. Rxd8 Qxd8 22. Rd1 Qg8 23. Rd7 Kh7 24. Rxc7 h5 25. Qg5 Rf5 26. Qg6+ Kh8 27. Rxb7 1-0

[Event "Mauritius Masters"]
[Site "Mauritius"]
[Date "2017.03.19"]
[Round "3"]
[White "Chinasamy, Devarajen"]
[Black "Naipal, Hoolan"]
[Result "1/2-1/2"]
[WhiteElo "1996"]
[BlackElo "2008"]
[PlyCount "93"]
[EventDate "2017.03.18"]
[EventType "tourn"]
[EventRounds "9"]
[EventCountry "MRI"]
[SourceTitle "CBM 177 Extra"]
[Source "ChessBase"]
[SourceDate "2017.04.27"]
[SourceVersion "1"]
[SourceVersionDate "2017.04.27"]
[SourceQuality "1"]

1. d4 Nf6 2. Nf3 e6 3. Bg5 Be7 4. e3 0-0 5. Bd3 d5 6. 0-0 Nbd7 7. Nbd2 c5 8. c3 b6 9. Rc1 Bb7 10. Re1 Rc8 11. Ne5 Nxe5 12. dxe5 Ne4 13. Bxe7 Qxe7 14. Nf1 f5 15. f3 Ng5 16. Ng3 Nf7 17. f4 Nd8 18. Nf1 Nc6 19. Nd2 Rcd8 20. Qe2 c4 21. Bc2 b5 22. a3 a5 23. Nf3 Ra8 24. Ra1 Ba6 25. Qf2 Qc5 26. Qh4 Qe7 27. Qf2 Rfb8 28. Qd2 h6 29. h3 Qc5 30. Kh2 b4 31. axb4 axb4 32. Ba4 Bb5 33. Bxb5 Qxb5 34. Nd4 Nxd4 35. exd4 bxc3 36. bxc3 Rxa1 37. Rxa1 Qb2 38. Qxb2 Rxb2 39. Kg3 Rb3 40. Rc1 Kf7 41. Kf3 Kg6 42. Rc2 Kf7 43. Ke3 Rb1 44. Ke2 Rg1 45. Kf2 Rb1 46. Ke2 Rg1 47. Kf2 1/2-1/2

[Event "Olympiad-42"]
[Site "Baku"]
[Date "2016.09.12"]
[Round "10.2"]
[White "Ayyad, Maher"]
[Black "Chinasamy, Devarajen"]
[Result "1-0"]
[WhiteElo "2076"]
[BlackElo "2018"]
[PlyCount "89"]
[EventDate "2016.09.02"]
[EventType "team-swiss"]
[EventRounds "11"]
[EventCountry "AZE"]
[SourceTitle "CBM 175"]
[Source "ChessBase"]
[SourceDate "2016.11.10"]
[SourceVersion "1"]
[SourceVersionDate "2016.11.10"]
[SourceQuality "1"]
[WhiteTeam "Bahrain"]
[BlackTeam "Mauritius"]
[WhiteTeamCountry "BHN"]
[BlackTeamCountry "MRI"]

1. d4 Nf6 2. Nf3 g6 3. g3 Bg7 4. Bg2 0-0 5. 0-0 d6 6. b3 Nc6 7. Bb2 Nd7 8. e4 e5 9. c4 Qe7 10. d5 Ncb8 11. Nc3 a5 12. a3 Na6 13. b4 Nf6 14. Qb3 Bd7 15. Rac1 h5 16. Rc2 Nh7 17. Re2 Bg4 18. h3 Bd7 19. Kh2 Ng5 20. Nxg5 Qxg5 21. Bc1 Qe7 22. Be3 b6 23. Nb5 axb4 24. axb4 Qe8 25. Ra1 Bxb5 26. Rea2 Nc5 27. bxc5 Rxa2 28. Rxa2 Bd7 29. cxd6 cxd6 30. Qxb6 Qc8 31. Ra7 Rd8 32. Qxd6 Be8 33. Qc7 Bf8 34. c5 Qxc7 35. Rxc7 f6 36. Bf1 Bf7 37. Ba6 Ra8 38. Bb7 Rb8 39. d6 Be6 40. Bd5 Bxd5 41. exd5 Rd8 42. d7 Kf7 43. Rb7 Be7 44. c6 Bd6 45. Bc5 1-0

[Event "Olympiad-42"]
[Site "Baku"]
[Date "2016.09.05"]
[Round "4.3"]
[White "Chinasamy, Devarajen"]
[Black "Pang, Yui Kuen"]
[Result "0-1"]
[WhiteElo "2018"]
[BlackElo "1963"]
[PlyCount "76"]
[EventDate "2016.09.02"]
[EventType "team-swiss"]
[EventRounds "11"]
[EventCountry "AZE"]
[SourceTitle "CBM 175"]
[Source "ChessBase"]
[SourceDate "2016.11.10"]
[SourceVersion "1"]
[SourceVersionDate "2016.11.10"]
[SourceQuality "1"]
[WhiteTeam "Mauritius"]
[BlackTeam "Hong Kong"]
[WhiteTeamCountry "MRI"]
[BlackTeamCountry "HKG"]

1. e4 d6 2. d4 c6 3. Nc3 Nf6 4. Be3 Qa5 5. f3 g6 6. Nge2 Bg7 7. Nc1 0-0 8. Nb3 Qc7 9. Qd2 b5 10. Bh6 Nbd7 11. Bxg7 Kxg7 12. Be2 Nb6 13. Na5 a6 14. b4 c5 15. a3 cxd4 16. Qxd4 e5 17. Qd2 Be6 18. Bd3 Rac8 19. Ne2 Nc4 20. Bxc4 Bxc4 21. Nxc4 Qxc4 22. Qxd6 Rfd8 23. Qxe5 Qxc2 24. Kf2 Rd2 25. Rhe1 Qd3 26. Qf4 Rcc2 27. Qe3 Rxe2+ 28. Rxe2 Rxe2+ 29. Qxe2 Qd4+ 30. Qe3 Qxa1 31. g4 Qe5 32. Kg2 Nd5 33. Qd2 Nf4+ 34. Kf2 g5 35. Kf1 Qa1+ 36. Kf2 Qxa3 37. Qd4+ Kg6 38. Qd2 Qxb4 0-1

[Event "Olympiad-42"]
[Site "Baku"]
[Date "2016.09.02"]
[Round "1.2"]
[White "Kazhgaleyev, Murtas"]
[Black "Chinasamy, Devarajen"]
[Result "1-0"]
[WhiteElo "2594"]
[BlackElo "2018"]
[PlyCount "63"]
[EventDate "2016.09.02"]
[EventType "team-swiss"]
[EventRounds "11"]
[EventCountry "AZE"]
[SourceTitle "CBM 175"]
[Source "ChessBase"]
[SourceDate "2016.11.10"]
[SourceVersion "1"]
[SourceVersionDate "2016.11.10"]
[SourceQuality "1"]
[WhiteTeam "Kazakhstan"]
[BlackTeam "Mauritius"]
[WhiteTeamCountry "KAZ"]
[BlackTeamCountry "MRI"]

1. d4 Nf6 2. Nf3 e6 3. e3 c5 4. Bd3 Nc6 5. 0-0 Be7 6. c4 0-0 7. dxc5 Bxc5 8. a3 d5 9. b4 Bd6 10. Bb2 a6 11. Nbd2 Bd7 12. e4 dxc4 13. Nxc4 Bc7 14. Qc2 b5 15. Ne3 Qb8 16. Qc5 Bb6 17. Qg5 h6 18. Qh4 Bd8 19. e5 Nh7 20. Qh5 Ng5 21. Nxg5 Bxg5 22. Ng4 Be8 23. Qh3 Bf4 24. Qf3 Bg5 25. h4 Be7 26. Nxh6+ Kh8 27. Ng4 Ra7 28. Qe4 g6 29. Qe3 Kg8 30. Qh6 f5 31. exf6 Bd8 32. f7+ 1-0

[Event "Port Louis zt 4.3"]
[Site "Port Louis"]
[Date "2016.04.25"]
[Round "2"]
[White "Silva, David Miguel Da"]
[Black "Chinasamy, Devarajen"]
[Result "1-0"]
[WhiteElo "2342"]
[BlackElo "2030"]
[PlyCount "67"]
[EventDate "2016.04.24"]
[EventType "swiss"]
[EventRounds "9"]
[EventCountry "MRI"]
[SourceTitle "CBM 172 Extra"]
[Source "ChessBase"]
[SourceDate "2016.06.21"]
[SourceVersion "1"]
[SourceVersionDate "2016.06.21"]
[SourceQuality "1"]

1. e4 c5 2. Nf3 g6 3. d4 cxd4 4. Nxd4 Nc6 5. c4 Nf6 6. Nc3 d6 7. Be2 Nxd4 8. Qxd4 Bg7 9. 0-0 0-0 10. Qd3 Be6 11. Be3 Ng4 12. Bd4 Ne5 13. Qd1 Nc6 14. Bxg7 Kxg7 15. Qd2 Qa5 16. b3 a6 17. Rad1 Rfc8 18. f4 f5 19. Qb2 Kf7 20. exf5 Bxf5 21. Bf3 Rab8 22. g4 Bd7 23. Bd5+ e6 24. Bg2 Kf8 25. Rxd6 Rd8 26. a3 Bc8 27. b4 Qc7 28. c5 Rxd6 29. cxd6 Qb6+ 30. Qf2 Qxf2+ 31. Kxf2 e5 32. g5 Kg7 33. Bxc6 bxc6 34. fxe5 1-0

[Event "Olympiad-41"]
[Site "Tromsoe"]
[Date "2014.08.14"]
[Round "11.2"]
[White "Njobvu, Ignatius"]
[Black "Chinasamy, Devarajen"]
[Result "1-0"]
[WhiteElo "2193"]
[BlackElo "2085"]
[PlyCount "110"]
[EventDate "2014.08.02"]
[EventType "team-swiss"]
[EventRounds "11"]
[EventCountry "NOR"]
[SourceTitle "CBM 162"]
[Source "ChessBase"]
[SourceDate "2014.09.17"]
[SourceVersion "1"]
[SourceVersionDate "2014.09.17"]
[SourceQuality "1"]
[WhiteTeam "Botswana"]
[BlackTeam "Mauritius"]
[WhiteTeamCountry "BOT"]
[BlackTeamCountry "MRI"]

1. Nf3 Nf6 2. c4 e6 3. g3 b6 4. Bg2 Bb7 5. 0-0 Be7 6. d4 0-0 7. Nc3 d5 8. Ne5 Nbd7 9. Bf4 Nxe5 10. dxe5 Ne4 11. Nxe4 dxe4 12. Qc2 f5 13. exf6 Bxf6 14. Bxe4 Bxe4 15. Qxe4 Bxb2 16. Qxe6+ Kh8 17. Rad1 Qe8 18. Qxe8 Rfxe8 19. Rd2 Bc3 20. Rc2 Be5 21. Rd1 Bxf4 22. gxf4 Re7 23. Kg2 Kg8 24. Kf3 Kf7 25. Rcd2 Rae8 26. Rd7 Ke6 27. Rxe7+ Rxe7 28. e4 g6 29. Ke3 a6 30. Rd5 Rf7 31. c5 Rf8 32. c6 Rf7 33. a4 a5 34. h4 Rg7 35. Rd8 Re7 36. f3 Rf7 37. e5 h6 38. Ke4 Rg7 39. Rh8 h5 40. Rf8 Ke7 41. Rh8 Ke6 42. Rc8 Re7 43. Rf8 Rg7 44. Rf6+ Ke7 45. f5 gxf5+ 46. Rxf5 Rg6 47. Kd5 Rh6 48. f4 Rh8 49. Rg5 Kf7 50. Ke4 Rh6 51. Kd5 Rh8 52. f5 Rd8+ 53. Ke4 Rh8 54. e6+ Kf6 55. Rg6+ Ke7 1-0

[Event "Olympiad-41"]
[Site "Tromsoe"]
[Date "2014.08.03"]
[Round "2.2"]
[White "Ortiz, Marcos"]
[Black "Chinasamy, Devarajen"]
[Result "1-0"]
[WhiteElo "2214"]
[BlackElo "2085"]
[PlyCount "49"]
[EventDate "2014.08.02"]
[EventType "team-swiss"]
[EventRounds "11"]
[EventCountry "NOR"]
[SourceTitle "CBM 162"]
[Source "ChessBase"]
[SourceDate "2014.09.17"]
[SourceVersion "1"]
[SourceVersionDate "2014.09.17"]
[SourceQuality "1"]
[WhiteTeam "Nicaragua"]
[BlackTeam "Mauritius"]
[WhiteTeamCountry "NCA"]
[BlackTeamCountry "MRI"]

1. e4 c5 2. Nf3 g6 3. d4 cxd4 4. Qxd4 Nf6 5. Nc3 Nc6 6. Qa4 Bg7 7. e5 Ng8 8. Bf4 Nh6 9. h3 0-0 10. 0-0-0 Qb6 11. Nd5 Qd8 12. Bb5 a6 13. Bg5 Nf5 14. g4 f6 15. exf6 exf6 16. Bf4 Ne5 17. gxf5 Nxf3 18. Qb3 Kh8 19. Nc7 Ra7 20. Be2 Ng5 21. Qb6 Re8 22. Qxa7 Rxe2 23. Rhe1 Qe7 24. Rxe2 Qxe2 25. Qb8 1-0

[Event "Olympiad-39"]
[Site "Khanty-Mansiysk"]
[Date "2010.09.28"]
[Round "7.2"]
[White "Cossa, Pedro Ventura"]
[Black "Chinasamy, Devarajen"]
[Result "1/2-1/2"]
[WhiteElo "2010"]
[BlackElo "2077"]
[PlyCount "54"]
[EventDate "2010.09.21"]
[EventType "team-swiss"]
[EventRounds "11"]
[EventCountry "RUS"]
[SourceTitle "CBM 139"]
[Source "ChessBase"]
[SourceDate "2010.11.18"]
[SourceVersion "1"]
[SourceVersionDate "2010.11.18"]
[SourceQuality "1"]
[WhiteTeam "Mozambique"]
[BlackTeam "Mauritius"]
[WhiteTeamCountry "MOZ"]
[BlackTeamCountry "MRI"]

1. f4 g6 2. e3 Bg7 3. Nf3 d5 4. Nc3 Nf6 5. Be2 0-0 6. 0-0 b6 7. Ne5 Bb7 8. Bf3 Nbd7 9. d4 Ne4 10. Bxe4 dxe4 11. Qg4 Nf6 12. Qh3 Qc8 13. g4 Nd7 14. Qg3 f6 15. Nc4 Ba6 16. b3 Bb7 17. f5 c5 18. Nb5 Qc6 19. a4 Rfc8 20. Rd1 Nf8 21. Bb2 Ba6 22. d5 Qd7 23. d6 Bxb5 24. dxe7 Qxe7 25. axb5 Rd8 26. Nd6 Rd7 27. Nc4 Rad8 1/2-1/2

[Event "Olympiad-39"]
[Site "Khanty-Mansiysk"]
[Date "2010.09.22"]
[Round "2.2"]
[White "Chinasamy, Devarajen"]
[Black "Thompson, Edward Nii Lamptey"]
[Result "1-0"]
[WhiteElo "2077"]
[BlackElo "1831"]
[PlyCount "64"]
[EventDate "2010.09.21"]
[EventType "team-swiss"]
[EventRounds "11"]
[EventCountry "RUS"]
[SourceTitle "CBM 139"]
[Source "ChessBase"]
[SourceDate "2010.11.18"]
[SourceVersion "1"]
[SourceVersionDate "2010.11.18"]
[SourceQuality "1"]
[WhiteTeam "Mauritius"]
[BlackTeam "Ghana"]
[WhiteTeamCountry "MRI"]
[BlackTeamCountry "GHA"]

1. e4 e5 2. Nf3 Nc6 3. d4 exd4 4. Bc4 Nf6 5. e5 d5 6. Bb5 Ne4 7. Nxd4 Bd7 8. Bxc6 bxc6 9. 0-0 Be7 10. f3 Ng5 11. f4 Ne4 12. Nd2 Nxd2 13. Bxd2 0-0 14. Qf3 c5 15. Nb3 Bf5 16. c3 Be4 17. Qf2 c4 18. Nc5 Bf5 19. Be3 c6 20. h3 Rb8 21. b4 cxb3 22. axb3 a5 23. Ra2 Rb5 24. Rfa1 Re8 25. c4 Rb4 26. Bd2 Bxc5 27. Qxc5 Rxb3 28. Bxa5 Qd7 29. Be1 Be4 30. Ra8 Reb8 31. Bb4 Qc8 32. Qxc6 Qd8 1-0

[Event "Olympiad-38"]
[Site "Dresden"]
[Date "2008.11.13"]
[Round "1"]
[White "Chinasamy, Devarajen"]
[Black "Amanov, Mesgen"]
[Result "0-1"]
[WhiteElo "2086"]
[BlackElo "2357"]
[PlyCount "62"]
[EventDate "2008.11.13"]
[EventType "team-swiss"]
[EventRounds "11"]
[EventCountry "GER"]
[SourceTitle "CBM 128"]
[Source "ChessBase"]
[SourceDate "2009.01.28"]
[SourceVersion "1"]
[SourceVersionDate "2009.01.28"]
[SourceQuality "1"]
[WhiteTeam "Mauritius"]
[BlackTeam "Turkmenistan"]
[WhiteTeamCountry "MAU"]
[BlackTeamCountry "TKM"]

1. e4 c5 2. Nc3 Nc6 3. f4 g6 4. Nf3 Bg7 5. Bb5 Nd4 6. Bc4 e6 7. d3 Ne7 8. e5 0-0 9. 0-0 d5 10. exd6 Qxd6 11. Nxd4 Qxd4+ 12. Kh1 Nf5 13. Qf3 Rb8 14. a4 b6 15. Bb5 Qd8 16. Ne2 a6 17. Bc4 Bb7 18. Qh3 b5 19. axb5 axb5 20. Bb3 Ra8 21. Rxa8 Qxa8 22. c3 Rd8 23. Kg1 h5 24. Rd1 Bf6 25. Rf1 Nh4 26. Rf2 c4 27. dxc4 bxc4 28. Bc2 Be4 29. Nd4 Rxd4 30. cxd4 Bxc2 31. Rxc2 Qe4 0-1

[Event "Reunion op 08th"]
[Site "Etang Sale"]
[Date "2006.10.15"]
[Round "3"]
[White "Li Ying, Patrick"]
[Black "Chinasamy, Devarajen"]
[Result "1/2-1/2"]
[WhiteElo "2171"]
[BlackElo "2088"]
[PlyCount "46"]
[EventDate "2006.10.14"]
[EventType "swiss"]
[EventRounds "9"]
[EventCountry "FRA"]
[SourceTitle "EXT 2007"]
[Source "ChessBase"]
[SourceDate "2006.11.23"]
[SourceVersion "1"]
[SourceVersionDate "2006.11.23"]
[SourceQuality "1"]

1. c4 c5 2. Nc3 g6 3. Nf3 Bg7 4. g3 Nc6 5. Bg2 Nf6 6. d3 0-0 7. 0-0 d5 8. cxd5 Nxd5 9. Bd2 Nxc3 10. bxc3 Bd7 11. Rb1 b6 12. Qc1 Rc8 13. Bh6 Qc7 14. Bxg7 Kxg7 15. Rd1 f6 16. Qb2 Ne5 17. Rbc1 Nxf3+ 18. Bxf3 Bc6 19. Bxc6 Qxc6 20. d4 Rfd8 21. Qd2 cxd4 22. cxd4 Qd5 23. e3 Rxc1 1/2-1/2

[Event "Olympiad-37"]
[Site "Turin"]
[Date "2006.05.31"]
[Round "10"]
[White "Chinasamy, Devarajen"]
[Black "Lebel Arias, Julia"]
[Result "0-1"]
[WhiteElo "2165"]
[BlackElo "1948"]
[PlyCount "70"]
[EventDate "2006.05.21"]
[EventType "team-swiss"]
[EventRounds "13"]
[EventCountry "ITA"]
[SourceTitle "CBM 113"]
[Source "ChessBase"]
[SourceDate "2006.07.31"]
[SourceVersion "1"]
[SourceVersionDate "2006.07.31"]
[SourceQuality "1"]
[WhiteTeam "Mauritius"]
[BlackTeam "Monaco"]
[WhiteTeamCountry "MRI"]
[BlackTeamCountry "MNC"]

1. e4 Nf6 2. e5 Nd5 3. d4 d6 4. Be2 dxe5 5. dxe5 Nc6 6. Nf3 Bf5 7. a3 e6 8. 0-0 Bc5 9. b4 Be7 10. c4 Nb6 11. Nc3 0-0 12. Bb2 Nd7 13. Nb1 Bg6 14. Nbd2 a5 15. b5 Ncb8 16. Nb3 a4 17. Nbd4 Nc5 18. Re1 Nbd7 19. Bf1 Nb6 20. Qd2 h6 21. Rad1 Qc8 22. Qf4 Rd8 23. h3 Rd7 24. g4 Qd8 25. Qg3 Be4 26. Qf4 Bh7 27. Qg3 Ne4 28. Qf4 Ng5 29. Nxg5 hxg5 30. Qc1 Qf8 31. Nf3 Rxd1 32. Rxd1 Rd8 33. Rxd8 Qxd8 34. Qd2 Qxd2 35. Nxd2 Nd7 0-1

[Event "Olympiad-37"]
[Site "Turin"]
[Date "2006.05.29"]
[Round "8"]
[White "Chinasamy, Devarajen"]
[Black "Wijesurija, G Laxman"]
[Result "0-1"]
[WhiteElo "2165"]
[BlackElo "2127"]
[PlyCount "65"]
[EventDate "2006.05.21"]
[EventType "team-swiss"]
[EventRounds "13"]
[EventCountry "ITA"]
[SourceTitle "CBM 113"]
[Source "ChessBase"]
[SourceDate "2006.07.31"]
[SourceVersion "1"]
[SourceVersionDate "2006.07.31"]
[SourceQuality "1"]
[WhiteTeam "Mauritius"]
[BlackTeam "Sri Lanka"]
[WhiteTeamCountry "MRI"]
[BlackTeamCountry "SRI"]

1. e4 g6 2. d4 Bg7 3. Nc3 d6 4. Bg5 c6 5. Qd2 Qb6 6. 0-0-0 Nf6 7. f3 Nbd7 8. Nge2 Qa5 9. Kb1 b5 10. e5 dxe5 11. dxe5 Nxe5 12. Ng3 b4 13. Nce4 Be6 14. b3 Nd5 15. a4 f5 16. Bh6 Rd8 17. Bd3 fxe4 18. Bxg7 Nc3+ 19. Kc1 Nxd3+ 20. cxd3 Rg8 21. Bxc3 bxc3 22. Qc2 exd3 23. Rxd3 Rxd3 24. Qxd3 Bxb3 25. Ne4 Kf7 26. Qxc3 Qxa4 27. Ng5+ Ke8 28. Nxh7 Qf4+ 29. Kb2 Bd5 30. Re1 Kf7 31. Kc2 Rb8 32. Qc5 Qf5+ 33. Kd2 0-1